[Event "Open"]
[Site "Callao PER"]
[Date "2007.08.12"]
[Round "7"]
[White "Sanz Alonso,F"]
[Black "Granda Zuniga,J"]
[Result "1/2-1/2"]
[WhiteElo "2409"]
[BlackElo "2621"]

1.e4 e5 2.Nc3 d6 3.Nf3 c5 4.Bc4 Nc6 5.d3 h6 6.Nd2 Nf6 7.Nf1 Be7 8.Ne3 O-O
9.O-O Be6 10.Ned5 Nd7 11.Nxe7+ Qxe7 12.Nd5 Bxd5 13.Bxd5 Nb6 14.Bxc6 bxc6
15.Qg4 Qe6 16.Qxe6 fxe6 17.Be3 Na4 18.b3 Nc3 19.Rfe1 Nb5 20.Rac1 Rf7 21.c3 a5
22.a4 Nc7 23.Red1 Ra6 24.d4 exd4 25.cxd4 cxd4 26.Rxd4 c5 27.Rd3 e5 28.Rcd1 Rf6
29.h4 Ne8 30.g3 Re6 31.f4 exf4 32.Bxf4 Rxe4 33.Bxd6 c4 34.bxc4 Rxc4 35.Ba3 Rxa4
36.Rf1 Re6 37.Rf8+ Kh7 38.Rf7 Rc4 39.Re7 Rxe7 40.Bxe7 Kg6 41.Kg2 a4 42.Kf3 h5
43.Rd5 Nc7 44.Rg5+ Kf7 45.Bd6 g6 46.Ra5 Ne8 47.Bf4 Rc3+ 48.Ke4 a3 49.Be5 Nf6+
50.Kd4 Rf3 51.Ra7+ Ke6 52.Ra6+ Kf7 53.Bxf6 Rxf6 54.Rxa3 Re6 55.Rf3+ Kg7 56.Re3 Rxe3
57.Kxe3 Kf7 58.Kf4 Kf6 59.g4 hxg4 60.Kxg4 Kf7  1/2-1/2

[Event "Open"]
[Site "Villa de Navalmoral ESP"]
[Date "2007.11.05"]
[Round "1"]
[White "Granda Zuniga,J"]
[Black "Varasa Paredes,J"]
[Result "1-0"]
[WhiteElo "2592"]
[BlackElo "1977"]

1.d4 e6 2.c4 b6 3.Nc3 Bb4 4.e3 Bb7 5.Ne2 f5 6.a3 Bxc3+ 7.Nxc3 Nf6 8.f3 d6
9.Bd3 Nbd7 10.O-O O-O 11.b4 Qe8 12.Bb2 Qh5 13.Qc2 g5 14.Rae1 g4 15.e4 f4
16.e5 dxe5 17.dxe5 g3 18.h3 Ne8 19.Be4 Bxe4 20.Rxe4 Nxe5 21.Qe2 Nc6 22.Nb5 a6
23.Rxe6 Nd8 24.Re5 Qg6 25.Nd4 Ng7 26.Re1 Nf7 27.Re7 Rad8 28.Rxc7 Rxd4 29.Bxd4 Qd6
30.Bxg7 Qxc7 31.Bxf8 Kxf8 32.Qe8+ Kg7  1-0

[Event "Open"]
[Site "Villa de Navalmoral ESP"]
[Date "2007.11.06"]
[Round "2"]
[White "Aranaz Portugues,J"]
[Black "Granda Zuniga,J"]
[Result "0-1"]
[WhiteElo "2182"]
[BlackElo "2592"]

1.d4 Nf6 2.Bg5 e6 3.e4 h6 4.Bxf6 Qxf6 5.Nc3 Bb4 6.e5 Qe7 7.Qd2 c5 8.a3 Ba5
9.Nf3 Nc6 10.b4 cxb4 11.axb4 Qxb4 12.Nb5 Qxd2+ 13.Nxd2 Ke7 14.Kd1 a6 15.Nd6 Bc3
16.Rb1 Bxd4 17.f4 b5 18.h4 f6 19.Nf3 fxe5  0-1

[Event "Open"]
[Site "Villa de Navalmoral ESP"]
[Date "2007.11.06"]
[Round "3"]
[White "Granda Zuniga,J"]
[Black "Carrasco Martinez,J"]
[Result "1-0"]
[WhiteElo "2592"]
[BlackElo "2423"]

1.d4 d5 2.c4 c6 3.e3 Nf6 4.Nf3 Bf5 5.Nc3 e6 6.Nh4 Bg6 7.Nxg6 hxg6 8.Bd2 Nbd7
9.g3 Bb4 10.Qc2 Bxc3 11.Bxc3 Ne4 12.Bb4 Qb6 13.Qa4 e5 14.cxd5 exd4 15.dxc6 bxc6
16.Bg2 f5 17.exd4 Qxd4 18.O-O Ne5 19.Rad1 Qxb2 20.f4 Qe2 21.Qb3  1-0

[Event "Open"]
[Site "Villa de Navalmoral ESP"]
[Date "2007.11.07"]
[Round "5"]
[White "Granda Zuniga,J"]
[Black "Gofshtein,Z"]
[Result "1-0"]
[WhiteElo "2592"]
[BlackElo "2542"]

1.Nf3 d5 2.c4 c6 3.e3 Nf6 4.d4 a6 5.Nbd2 Bf5 6.Be2 e6 7.Nh4 Be4 8.O-O Bd6
9.g3 Nbd7 10.b3 g5 11.Nhf3 g4 12.Nh4 h5 13.f3 gxf3 14.Bxf3 Bd3 15.Be2 Bh7
16.c5 Bc7 17.Bxh5 Qe7 18.Bf3 O-O-O 19.Rf2 Rdg8 20.Rg2 e5 21.Bb2 Qe6 22.Qe1 Bd3
23.e4 Qh3 24.dxe5 Nxe5 25.exd5 Re8 26.Qf2 cxd5 27.Re1 Re6 28.Bxe5 Bxe5 29.Rxe5 Rxe5
30.Qd4 Qe6 31.Qxd3 Re8 32.Nf1 Kb8 33.Rc2 Ne4 34.Bxe4 Rxe4 35.Nf3 Qf6 36.c6 bxc6
37.Qxa6 R8e6 38.Qb6+ Kc8 39.Rf2 Kd7 40.N3d2  1-0

[Event "Open"]
[Site "Villa de Navalmoral ESP"]
[Date "2007.11.08"]
[Round "6"]
[White "Ubilava,E"]
[Black "Granda Zuniga,J"]
[Result "1/2-1/2"]
[WhiteElo "2551"]
[BlackElo "2592"]

1.d4 d5 2.Nf3 c6 3.c4 dxc4 4.e3 Be6 5.a4 g6 6.Na3 Bg7 7.Bxc4 Bxc4 8.Nxc4 Nf6
9.b4 Ne4 10.Qc2 Qd5 11.O-O O-O 12.Ba3 Nd7 13.Rfd1 Rac8 14.Rac1 Rc7 15.Nfe5 Rfc8
16.Nd3 Nd6 17.Nxd6 exd6 18.Nf4 Qg5 19.b5 Bf8 20.Rd3 Nf6 21.Rc3 Ne8 22.bxc6  1/2-1/2

[Event "Open"]
[Site "Villa de Navalmoral ESP"]
[Date "2007.11.08"]
[Round "7"]
[White "Granda Zuniga,J"]
[Black "Rusev,K"]
[Result "1/2-1/2"]
[WhiteElo "2592"]
[BlackElo "2479"]

1.d4 Nf6 2.Nf3 e6 3.c4 b6 4.g3 Ba6 5.b3 Bb4+ 6.Bd2 Be7 7.Nc3 d5 8.cxd5 exd5
9.Bg2 O-O 10.O-O Bb7 11.Qc2 Nbd7 12.Bf4 c6 13.Ne5 Re8 14.e4 Nf8 15.exd5 cxd5
16.Qb2 Ne6 17.Be3 a6 18.Rac1 Bd6  1/2-1/2

[Event "World Cup"]
[Site "Khanty-Mansiysk RUS"]
[Date "2007.11.24"]
[Round "1.1"]
[White "Naiditsch,A"]
[Black "Granda Zuniga,J"]
[Result "1/2-1/2"]
[WhiteElo "2639"]
[BlackElo "2592"]

1.e4 c6 2.d4 d5 3.Nc3 dxe4 4.Nxe4 Bf5 5.Ng3 Bg6 6.h4 h6 7.Nf3 Nd7 8.h5 Bh7
9.Bd3 Bxd3 10.Qxd3 Qc7 11.Rh4 e6 12.Bf4 Bd6 13.Bxd6 Qxd6 14.Ne4 Qe7 15.O-O-O O-O-O
16.Qa3 Qxa3 17.bxa3 Kc7 18.Ne5 Rf8 19.Rf4 Ngf6 20.Nc5 Nxc5 21.dxc5 Rd8 22.c4 Rxd1+
23.Kxd1 b6 24.g4 Rd8+ 25.Ke2 bxc5 26.Nxf7 Rd4 27.Kf3 Rd3+ 28.Kg2 Rd4 29.Kf3 Rd3+
30.Kg2 Rd4 31.Kf3  1/2-1/2

[Event "World Cup"]
[Site "Khanty-Mansiysk RUS"]
[Date "2007.11.25"]
[Round "1.2"]
[White "Granda Zuniga,J"]
[Black "Naiditsch,A"]
[Result "0-1"]
[WhiteElo "2592"]
[BlackElo "2639"]

1.d4 Nf6 2.c4 e6 3.Nf3 d5 4.Qc2 Be7 5.Bg5 O-O 6.Nbd2 h6 7.Bh4 Nbd7 8.e3 c5
9.dxc5 Nxc5 10.Be2 b6 11.O-O Bb7 12.Rfd1 Rc8 13.b4 Nce4 14.Qb2 Nxd2 15.Nxd2 dxc4
16.Bxc4 Qd6 17.b5 Qb4 18.Bxf6 gxf6 19.Qxb4 Bxb4 20.Bb3 Rc5 21.Nc4 Rxb5 22.Rd7 Rb8
23.Rad1 Rg5 24.g3 Bf3 25.R7d4 Rd5 26.Rxd5 exd5 27.Nb2 Rc8 28.Nd3 Be4  0-1

[Event "Abierto"]
[Site "Pamplona ESP"]
[Date "2007.12.22"]
[Round "1"]
[White "Martinez Ayesa,A"]
[Black "Granda Zuniga,J"]
[Result "0-1"]
[WhiteElo "1798"]
[BlackElo "2592"]

1.d4 Nf6 2.c4 c5 3.e3 g6 4.Nf3 Bg7 5.Be2 O-O 6.O-O d6 7.b3 b6 8.Bb2 Bb7 9.Nbd2 e6
10.Qc2 Nbd7 11.Rfd1 Rc8 12.Nf1 d5 13.dxc5 bxc5 14.Ng3 Qc7 15.Rac1 Qb8 16.cxd5 exd5
17.Bb5 d4 18.Bxd7 Nxd7 19.e4 Ba6 20.Qd2 Rfd8 21.Qg5 h6 22.Qe7 Bf6  0-1

[Event "Abierto"]
[Site "Pamplona ESP"]
[Date "2007.12.23"]
[Round "2"]
[White "Granda Zuniga,J"]
[Black "Munoz Arana,M"]
[Result "1-0"]
[WhiteElo "2592"]
[BlackElo "2108"]

1.e4 c5 2.Nf3 g6 3.Bc4 Bg7 4.O-O Nc6 5.a4 d6 6.c3 Nf6 7.Re1 O-O 8.d3 Bg4
9.h3 Bxf3 10.Qxf3 Ne5 11.Qe2 Nxc4 12.dxc4 Rc8 13.Bg5 Re8 14.Nd2 Qc7 15.Nf1 Nd7
16.Ne3 Ne5 17.h4 Qd7 18.h5 Qe6 19.f4 Nc6 20.hxg6 Qxg6 21.Nf5 Bf6 22.Bxf6 Qxf6
23.Rad1 Kh8 24.Rd3 Rg8 25.Rh3 Qg6 26.Rf1 e6 27.Nxd6 Rc7 28.e5 f5 29.exf6 Qxf6
30.Ne4 Qf5 31.Rh5 Qg6 32.Rg5 Qh6 33.Nxc5 Re7 34.Ne4 Rxg5 35.fxg5 Qg7 36.Rf6 Ne5
37.Qf2 Nd7 38.Qxa7  1-0

[Event "Abierto"]
[Site "Pamplona ESP"]
[Date "2007.12.23"]
[Round "3"]
[White "Cortes Bueno,JJ"]
[Black "Granda Zuniga,J"]
[Result "0-1"]
[WhiteElo "2305"]
[BlackElo "2592"]

1.e4 c5 2.Nf3 e6 3.d4 cxd4 4.Nxd4 a6 5.c4 b6 6.Bd3 Bb7 7.O-O Nc6 8.Be3 Bc5
9.Nxc6 Bxc6 10.Bxc5 bxc5 11.e5 Qg5 12.f3 Qxe5 13.Nc3 Nf6 14.Qc2 O-O 15.Rfe1 Qd4+
16.Kh1 Qh4 17.Rad1 Rfd8 18.Ne2 a5 19.Ng3 a4 20.Qf2 d6 21.Qc2 Rab8 22.Re2 g6
23.Red2 Rb6 24.Qc3 Rdb8 25.Be2 Ne8 26.Rb1 Qh6 27.Bd1 Qg7 28.Qc1 h5 29.Ne2 h4
30.Ng1 Qe5 31.Re2 Qf6 32.Nh3 Ng7 33.Ng5 Nf5 34.b3 Nd4 35.Reb2 Qe5 36.Nh3 d5
37.cxd5 Bxd5 38.Qxc5 Rc6 39.Qe7 a3 40.Qxa3 Qe1+ 41.Ng1 Nb5 42.Qa4 Nc3 43.Qa5 Rb5
44.Qd8+ Kg7 45.Be2 Nxb1 46.Bxb5 Rc1 47.Qb6 Nd2 48.Be2 h3 49.Qd4+ e5 50.Qxe5+ Kh7
51.Qd4 Qxe2  0-1

[Event "Abierto"]
[Site "Pamplona ESP"]
[Date "2007.12.26"]
[Round "5"]
[White "Ros Octavio de Toledo,E"]
[Black "Granda Zuniga,J"]
[Result "0-1"]
[WhiteElo "2166"]
[BlackElo "2592"]

1.Nf3 d5 2.d4 Nf6 3.c4 c6 4.cxd5 Nxd5 5.e4 Nb6 6.h3 g6 7.Be2 f5 8.Nc3 fxe4
9.Ng5 Bg7 10.Qb3 Nd5 11.Bc4 e6 12.Ncxe4 O-O 13.O-O Bxd4 14.Be3 Bb6 15.Rad1 Na6
16.Bxa6 bxa6 17.h4 Qe7 18.Rc1 Nxe3 19.fxe3 Bd7 20.Rfd1 Rab8 21.Qc3 e5 22.Nc5 Bc8
23.Qc4+ Kh8 24.b4 a5 25.a3 axb4 26.axb4 h6 27.Nf3 e4 28.Qd4+ Kh7 29.Ne5 Qxh4
30.Qd6 Bf5 31.Nxc6 Rbe8 32.Nd4 Rf7 33.Rf1 Bc7 34.Nxf5 gxf5 35.g3 Qh3 36.Qd2 Rg7
37.Rf2 Rxg3+ 38.Rg2 Rxg2+ 39.Qxg2 Qxe3+  0-1

[Event "Abierto"]
[Site "Pamplona ESP"]
[Date "2007.12.26"]
[Round "6"]
[White "Granda Zuniga,J"]
[Black "Krivoshey,S"]
[Result "1-0"]
[WhiteElo "2592"]
[BlackElo "2484"]

1.d4 d5 2.c4 c6 3.e3 Nf6 4.Nf3 Bg4 5.h3 Bxf3 6.Qxf3 e6 7.Nd2 Nbd7 8.g3 Qa5
9.a3 e5 10.c5 Be7 11.b4 Qc7 12.Bb2 O-O 13.Bg2 e4 14.Qe2 Ne8 15.Nb3 f5 16.h4 g6
17.Kd2 Ng7 18.Kc2 Ne6 19.Bc3 Nf6 20.Kb2 Ng4 21.Rhc1 h5 22.Be1 Rf7 23.b5 Raf8
24.Rc2 Qd7 25.bxc6 bxc6 26.Ka2 g5 27.hxg5 Bxg5 28.Rb1 Rg7 29.Na5 Nd8 30.Bh3 h4
31.gxh4 Bxh4 32.Rb8 Qc7 33.Rcb2 Bxf2 34.Nxc6 Bxe1 35.Rxd8 Rxd8 36.Nxd8 Qxd8
37.Qxe1 Qg5 38.c6 Nxe3 39.Rb8+ Kh7 40.Rb7 Nc4 41.c7 Nd6 42.Qb4 Qf4 43.Qxd6 Qxd6
44.Bxf5+ Kh6 45.c8=Q Rg2+ 46.Kb1 Rg1+ 47.Ka2 Rg2+ 48.Rb2 Rxb2+ 49.Kxb2 Qb6+
50.Ka2 Qxd4 51.Qc2 Kg5 52.Bd7 Qe5 53.Bc6 e3 54.Bb5 d4 55.Qg2+ Kh4 56.Bc4 Qf4
57.Kb3 Qe5 58.Qf3 Kg5 59.Kc2 Qh2+ 60.Qe2 Qd6 61.Qg2+ Kh6 62.Bd3 Kh5 63.Qf3+ Kg5
64.Qf5+ Kh4 65.Qh7+ Kg5 66.Qg7+ Kh4 67.Qxa7 Qc6+ 68.Kb1 Qc3 69.Qe7+ Kg3 70.Qe5+ Kh4
71.Qf4+ Kh5 72.Be2+ Kg6 73.Qd6+ Kf5 74.Qb4 Qc6 75.Qxd4 Qb7+ 76.Ka2 Qe7 77.Qg4+ Ke5
78.Qg3+ Kd5 79.Qf3+ Kc5 80.Qf5+ Kc6 81.Qb5+ Kc7 82.a4 Qd6 83.Qc4+  1-0

[Event "Abierto"]
[Site "Pamplona ESP"]
[Date "2007.12.28"]
[Round "8"]
[White "Granda Zuniga,J"]
[Black "Estremera Panos,S"]
[Result "1-0"]
[WhiteElo "2592"]
[BlackElo "2400"]

1.Nf3 Nf6 2.c4 c5 3.b3 e6 4.g3 d5 5.Bg2 Nc6 6.O-O Be7 7.e3 O-O 8.Bb2 dxc4
9.bxc4 Qc7 10.Nc3 Rd8 11.Qe2 a6 12.Rfd1 e5 13.Ng5 Bg4 14.f3 Bf5 15.Nge4 Be6
16.f4 exf4 17.gxf4 Nxe4 18.Bxe4 Qd7 19.Nd5 Bxd5 20.Bxd5 Qd6 21.Rab1 Rab8
22.Qg2 Bf6 23.Ba3 Nb4 24.Bxb4 cxb4 25.Bxb7 Qd3 26.Bd5 Qa3 27.c5 b3 28.Bxb3 Qxc5
29.Rbc1 Qa5 30.Kh1 Bb2 31.Rc2 Bf6 32.Rdc1 g6 33.e4 Bg7 34.e5 Qb4 35.Rf1 Rd4
36.f5 gxf5 37.Rxf5 Rg4 38.Qf3 Qd4 39.Rc1 Qxd2 40.Rf1 Rh4 41.Qg3 Rxb3 42.axb3 Qd5+
43.Qf3 Qxf3+ 44.R1xf3 Re4 45.Rxf7 Bxe5 46.Re7  1-0

[Event "Abierto"]
[Site "Pamplona ESP"]
[Date "2007.12.29"]
[Round "9"]
[White "Martinez Martin,D"]
[Black "Granda Zuniga,J"]
[Result "0-1"]
[WhiteElo "2400"]
[BlackElo "2592"]

1.d4 Nf6 2.Nf3 e6 3.e3 b6 4.Bd3 Bb7 5.O-O d5 6.c4 Nbd7 7.Nc3 Be7 8.b3 O-O
9.Bb2 Ne4 10.Qc2 f5 11.cxd5 exd5 12.Ne2 Qc8 13.Rac1 c6 14.Nf4 g6 15.Qe2 Qb8
16.Ba6 Re8 17.Rc2 Bd6 18.Bxb7 Qxb7 19.Nd3 a5 20.Nfe5 Nxe5 21.Nxe5 Bxe5 22.dxe5 Ng5
23.Rd1 Ne6 24.f3 Rad8 25.Rcd2 b5 26.h3 Qb6 27.Qf2 Rf8 28.Rc1 c5 29.Rcd1 Qc6
30.f4 c4 31.bxc4 dxc4 32.Rxd8 Rxd8 33.Rxd8+ Nxd8 34.Qd2 Nb7 35.e6 b4 36.e7 Kf7
37.Qd8 Nd6 38.Qxa5 c3 39.Qxb4 cxb2 40.Qxb2 Qe4 41.Qb3+ Kxe7 42.a4 Nc4 43.Kf2 Kd7
44.Qc3 Kc6 45.Qf6+ Kb7 46.Qc3 Ka6 47.g4 Nb6 48.Qg7 Nd5 49.Qe5 Qxe5 50.fxe5 fxg4
51.hxg4 Ka5 52.Kf3 Kxa4 53.Ke4 Nc7 54.e6 Nxe6 55.Ke5 h5 56.gxh5 gxh5  0-1

[Event "XIX Open"]
[Site "Villa de Roquetas ESP"]
[Date "2008.01.03"]
[Round "2"]
[White "Granda Zuniga,J"]
[Black "Penades Ordaz,V"]
[Result "1-0"]
[WhiteElo "2588"]
[BlackElo "2179"]

1.d4 Nf6 2.c4 g6 3.Nf3 Bg7 4.g3 c6 5.Bg2 d6 6.Nc3 O-O 7.O-O Nbd7 8.b3 a6
9.a4 b6 10.e4 Qc7 11.h3 Rb8 12.Be3 e5 13.Rc1 c5 14.d5 h5 15.Ne1 Nh7 16.Nd3 Qd8
17.f4 Qe7 18.f5 h4 19.Qg4 gxf5 20.exf5 hxg3 21.Bh6 f6 22.Ne4 Rf7 23.h4 Kh8
24.Bd2 Bb7 25.Rf3 Bf8 26.Nxg3 Rg7 27.Qe4 Qf7 28.Kh2 b5 29.a5 b4 30.Nf2 Be7
31.Ng4 Qg8 32.Bh3 Qe8 33.Nh6 Bf8 34.Bg4 Qd8 35.Ra1 Ng5 36.hxg5 fxg5 37.f6 Nxf6
38.Qf5 Be7 39.Nh5 Bc8 40.Nxg7 Bxf5 41.Ngxf5 Kh7 42.Rg1 Qxa5 43.Nxe7 Ra8  1-0

[Event "XIX Open"]
[Site "Villa de Roquetas ESP"]
[Date "2008.01.03"]
[Round "3"]
[White "Shoker,S"]
[Black "Granda Zuniga,J"]
[Result "1/2-1/2"]
[WhiteElo "2381"]
[BlackElo "2588"]

1.g3 d5 2.Bg2 c6 3.Nf3 Bf5 4.O-O e6 5.d3 h6 6.b3 Nf6 7.Bb2 Bc5 8.c4 a5 9.Nc3 O-O
10.Rc1 Nbd7 11.Na4 Bd6 12.c5 Bc7 13.Nd2 Bg6 14.h3 e5 15.e4 Re8 16.Re1 Nf8
17.Qc2 Ne6 18.Nf3 d4 19.a3 Qb8 20.b4 Nd7 21.Nh4 Bh7 22.Nf5 Qa7 23.Ra1 Qa6
24.Bc1 Ra7 25.Bd2 Rea8 26.Ra2 axb4 27.axb4 Qb5 28.Rea1 Ra6 29.h4 Kf8 30.Bh3 Bg8
31.Nd6 Bxd6 32.Bxe6 fxe6 33.cxd6 b6 34.Qb3 c5 35.Nb2 cxb4 36.Rxa6 Rxa6 37.Rxa6 Qxa6
38.Bxb4 Bf7 39.Qc2 Kg8 40.Qc7 Qb5 41.Qc8+ Kh7 42.Qc4 Qxc4 43.Nxc4 Kg6 44.g4 Be8
45.Kg2 b5 46.Na5 Nb8 47.Nb3 Na6 48.Bd2 Kf7 49.f4 exf4 50.Bxf4 b4 51.Be5 Ba4
52.Nd2 Nc5 53.Bxd4 Nxd3 54.Nc4 Kf8  1/2-1/2

[Event "XIX Open"]
[Site "Villa de Roquetas ESP"]
[Date "2008.01.04"]
[Round "4"]
[White "Granda Zuniga,J"]
[Black "Cruz Ravina,F"]
[Result "1-0"]
[WhiteElo "2588"]
[BlackElo "2361"]

1.d4 Nf6 2.c4 d6 3.Nf3 Nbd7 4.Nc3 e5 5.e4 g6 6.g3 Bg7 7.Bg2 O-O 8.O-O c6
9.b3 exd4 10.Nxd4 Re8 11.Bb2 Nc5 12.Qc2 a5 13.Rfd1 Qb6 14.Rab1 Bd7 15.h3 Re7
16.Kh2 Rae8 17.f3 Nh5 18.Qf2 f5 19.exf5 Bxf5 20.Nxf5 gxf5 21.Rxd6 Be5 22.Nd5 Bxd6
23.Nxb6 Bxg3+ 24.Qxg3+ Nxg3 25.Ba3 Rg7 26.Bxc5 Re2 27.Rd1 Rxg2+ 28.Kxg2 Ne4+
29.Kf1 Nxc5 30.Kf2 Kf7 31.Rd4 Ke6 32.Rh4 Nd3+ 33.Ke3 Nc1 34.Rh6+ Ke7 35.c5 Nxa2
36.Nc4 Nb4 37.Nxa5 Nd5+ 38.Kd4 Rg3 39.Ke5 Rxf3 40.Rxh7+ Kf8 41.Rxb7 Re3+
42.Kxf5 Rxh3 43.Nxc6 Rc3 44.Ke5 Ne3 45.Kd4  1-0

[Event "XIX Open"]
[Site "Villa de Roquetas ESP"]
[Date "2008.01.06"]
[Round "8"]
[White "Granda Zuniga,J"]
[Black "Kovacevic,Sl"]
[Result "1-0"]
[WhiteElo "2588"]
[BlackElo "2413"]

1.d4 Nf6 2.c4 e6 3.Nc3 c5 4.d5 exd5 5.cxd5 d6 6.e4 g6 7.h3 Bg7 8.Nf3 O-O
9.Bd3 Bd7 10.O-O b5 11.a3 c4 12.Bc2 a5 13.Nd4 Qb6 14.Be3 Qb7 15.a4 b4 16.Ncb5 Ra6
17.b3 Re8 18.bxc4 Nxe4 19.Bxe4 Rxe4 20.Qd3 Re8 21.Rac1 Bf8 22.Bf4 Qb6 23.Rfe1 Ra8
24.Rxe8 Bxe8 25.Nf5 Na6 26.Nh6+ Bxh6 27.Bxh6 Qd8 28.Be3 Rc8 29.Re1 Bxb5 30.cxb5 Nc5
31.Qd4 Nxa4 32.Bh6 f6 33.Qa7 Rc7 34.Qxa5 Nc5 35.Be3 Rc8 36.Qa1 Ra8 37.Qd4 Rb8
38.Qc4 Qe8 39.Bd2 Qxb5 40.Qh4 Qd7 41.Qxf6 Rf8 42.Qd4 Qg7 43.Qxg7+ Kxg7 44.Bxb4 Kf7
45.Rc1 Rc8 46.g4 Ke7 47.Kg2 Kd7 48.Rc4 Re8 49.Rf4 Nd3 50.Rf7+ Re7 51.Rxe7+ Kxe7
52.Bd2 Ne5 53.Be3 Nd3 54.Kf3 Nb4 55.Ke4 Na6 56.f4 Nc7 57.Bb6 Ne8 58.Bd4 Nc7
59.Bf2 Kd7 60.Bh4 Ke8 61.Bf6 Kf7 62.Bd8 Na6 63.Bb6 Ke7 64.Kd4 Nb8 65.Kc4 Nd7
66.Bd4 Kd8 67.Kb5 Kc7 68.g5 Kb7 69.h4 Kc7 70.Bf2 Kb7 71.Be3 Kc7 72.Bd4 Kb7
73.f5 gxf5 74.h5 f4 75.Kc4 Nf8 76.Kd3 Kc8 77.Ke4 Kd8 78.Bg7 Nd7 79.h6  1-0

[Event "XIX Open"]
[Site "Villa de Roquetas ESP"]
[Date "2008.01.06"]
[Round "9"]
[White "Cifuentes Parada,R"]
[Black "Granda Zuniga,J"]
[Result "0-1"]
[WhiteElo "2520"]
[BlackElo "2588"]

1.Nf3 Nf6 2.c4 c6 3.d4 d5 4.e3 Bf5 5.Nc3 e6 6.Nh4 Bg6 7.Be2 Bd6 8.Bd2 Nbd7
9.O-O Ne4 10.g3 Nxd2 11.Qxd2 Nf6 12.Nxg6 hxg6 13.Qc2 Qd7 14.c5 e5 15.f4 exd4
16.exd4 Be7 17.b4 O-O 18.Rab1 a6 19.a4 Ne8 20.b5 axb5 21.axb5 Nc7 22.bxc6 bxc6
23.Bd3 Bf6 24.Ne2 Rfe8 25.Kg2 Re3 26.Rb7 Ra3 27.Rb8+ Kh7 28.Rb3 Rxb3 29.Qxb3 Qe8
30.Qc2 Nb5 31.f5 g5 32.Bxb5 cxb5 33.Kf2 Re4 34.Qd3 Qd7 35.Kg2 b4 36.Rb1 Qa4
37.Kf1 g4 38.Rd1 Bg5 39.f6 g6 40.Rb1 Re3 41.Qd1 Qb5 42.Rb3 Rf3+ 43.Kg2 Rxb3  0-1

[Event "II ch-Ibero-Americano Gp C"]
[Site "Morelia MEX"]
[Date "2008.02.17"]
[Round "3"]
[White "Granda Zuniga,J"]
[Black "Matamoros Franco,C"]
[Result "1-0"]
[WhiteElo "2588"]
[BlackElo "2529"]

1.d4 Nf6 2.c4 g6 3.Nc3 Bg7 4.Nf3 O-O 5.e4 d6 6.Be2 e5 7.O-O Nc6 8.Be3 exd4
9.Nxd4 Re8 10.f3 Nh5 11.Qd2 Nf4 12.Bxf4 Nxd4 13.Bd3 c6 14.Rad1 a6 15.Rfe1 b5
16.Bf1 bxc4 17.Bxc4 Be6 18.Bxe6 Rxe6 19.Be3 Nb5 20.Ne2 d5 21.Nf4 Rd6 22.exd5 cxd5
23.Bc5 Rd7 24.Qf2 d4 25.Nd3 Rc8 26.Bb4 a5 27.Bd2 Nd6 28.Rc1 h5 29.Qg3 Nf5
30.Qg5 Qf8 31.Bxa5 Bh6 32.Rxc8 Qxc8 33.Qf6 Be3+ 34.Kh1 Rd6 35.Qe5 Qa8 36.Bc7 Re6
37.Qb5 Qxa2 38.Nc5 Qd5 39.Qb8+ Kh7 40.Nxe6 Qxe6 41.Be5 f6 42.Bxd4 Nxd4 43.Qa7+ Kh6
44.Qxd4 Bxd4 45.Rxe6 Bxb2 46.g3 f5 47.Re7 Kg5 48.Re6 Kh6 49.Kg2 Kg7 50.Kf1 Kf7
51.Rc6 Be5 52.Ke2 Bb2 53.Kd3 Ba1 54.Kc4 Bb2 55.Kd5 Ba1 56.Ra6 Bb2 57.Rc6 Ba1
58.Rc2 Bf6 59.Rc7+ Kf8 60.Ke6 Bd4 61.Rc4 Bb2 62.h3 Ba1 63.g4 hxg4 64.hxg4 fxg4
65.Rxg4 Kg7 66.f4 Bf6 67.f5 g5 68.Rg1 Bd8 69.Rd1 Ba5 70.f6+ Kg6 71.f7 Kg7
72.Rd5  1-0

[Event "II ch-Ibero-Americano Gp C"]
[Site "Morelia MEX"]
[Date "2008.02.18"]
[Round "4"]
[White "Granda Zuniga,J"]
[Black "Guillen Ramirez,J"]
[Result "1-0"]
[WhiteElo "2588"]
[BlackElo "2232"]

1.d4 d5 2.c4 e6 3.Nc3 c6 4.e3 Nf6 5.Nf3 Nbd7 6.Qc2 Bd6 7.Bd3 O-O 8.O-O dxc4
9.Bxc4 e5 10.h3 Qc7 11.a4 a5 12.b3 exd4 13.Nxd4 Ne5 14.Be2 Re8 15.Bb2 Ng6
16.Rfd1 Nh4 17.Bf1 Re5 18.Ncb5 cxb5 19.Qxc7 Bxc7 20.Nxb5 Rxb5 21.axb5 Be6
22.Bc4 Ne8 23.Bxe6 fxe6 24.Rd7 Ng6 25.Rc1 Be5 26.Bxe5 Nxe5 27.Rxb7 Nd6 28.Rb6 Nef7
29.Rd1 Ne4 30.Rxe6 Nc3 31.Ra1 Nd8 32.Ra6 Rb8 33.R1xa5  1-0

[Event "II ch-Ibero-Americano Gp A P/O"]
[Site "Linares ESP"]
[Date "2008.03.05"]
[Round "1"]
[White "Flores,Di"]
[Black "Granda Zuniga,J"]
[Result "0-1"]
[WhiteElo "2558"]
[BlackElo "2588"]

1.d4 d5 2.c4 c6 3.Nf3 Nf6 4.Nc3 e6 5.cxd5 exd5 6.Qc2 g6 7.Bg5 Be7 8.e3 Bf5
9.Bd3 Bxd3 10.Qxd3 O-O 11.O-O Nbd7 12.h3 Re8 13.Bf4 a5 14.Qc2 Nb6 15.Rfe1 a4
16.Ne5 Bd6 17.Rad1 Qe7 18.Nd3 Ne4 19.f3 Nxc3 20.bxc3 Bxf4 21.Nxf4 Qg5 22.Qc1 Nc4
23.e4 dxe4 24.fxe4 b5 25.e5 f6 26.e6 Rad8 27.Rf1 Rd6 28.Rde1 Re7 29.Kh2 Kg7
30.Rf3 Qh6 31.Qd1 g5 32.Rg3 Kh8 33.Qg4 Nb6 34.Rf1 Nc4 35.Kg1 Re8 36.Nh5 Rdxe6
37.Rgf3 f5 38.Rxf5 Ne3 39.Qxg5 Qxg5 40.Rxg5 Nxf1 41.Kxf1 Re1+ 42.Kf2 R1e2+
43.Kf3 R2e3+ 44.Kf4 Rxc3 45.Rf5 Rc4 46.Rf7 Rxd4+ 47.Kg3 Rg8+ 48.Kf3 Rdd8
49.Rc7 Rdf8+ 50.Ke4 Rxg2 51.Rxc6 Rxa2 52.Rb6 Rb2 53.Ra6 Rb3 54.h4 Rb4+ 55.Ke5 Rxh4
56.Nf6 Rh6  0-1

[Event "II ch-Ibero-Americano Final"]
[Site "Linares ESP"]
[Date "2008.03.07"]
[Round "4"]
[White "Iturrizaga,E"]
[Black "Granda Zuniga,J"]
[Result "0-1"]
[WhiteElo "2470"]
[BlackElo "2588"]

1.Nf3 d5 2.d4 Nf6 3.c4 c6 4.Nc3 e6 5.e3 Nbd7 6.Qc2 Bd6 7.e4 dxe4 8.Nxe4 Nxe4
9.Qxe4 c5 10.Bg5 Nf6 11.Qh4 cxd4 12.O-O-O Be7 13.Kb1 Qa5 14.Nxd4 Bd7 15.Bd3 O-O-O
16.Bd2 Qc7 17.Rhe1 Ba4 18.b3 Nd5 19.Qe4 Nb4 20.Bf1 Bc6 21.Nxc6 Nxc6 22.Bc3 Bf6
23.Bxf6 gxf6 24.g3 f5 25.Qe3 Qa5 26.Bg2 Nb4 27.a4 Nd3 28.Re2 Qc3 29.Red2 Qxb3+
30.Ka1 Qxa4+ 31.Kb1 Qb3+ 32.Ka1 Rd6 33.Qxa7 Ra6+ 34.Qxa6 bxa6 35.Rxd3 Qa4+
36.Kb2 Kc7 37.Rb3 Rb8 38.Rxb8 Kxb8 39.Rd3 Kc7 40.c5 Qc4 41.Rd2 Qb4+ 42.Kc1 e5
43.Bd5 f6 44.c6 a5 45.h3 a4 46.g4 fxg4 47.hxg4 Qxg4 48.Rb2 Qg1+ 49.Kc2 Qxf2+
50.Kb1 Qf1+ 51.Ka2 Kd6 52.Rd2 Qc1  0-1

[Event "XXXV Open"]
[Site "La Roda ESP"]
[Date "2008.03.20"]
[Round "3"]
[White "Granda Zuniga,J"]
[Black "Martinez Martin,D"]
[Result "1-0"]
[WhiteElo "2588"]
[BlackElo "2395"]

1.f4 e5 2.fxe5 d6 3.Nf3 dxe5 4.e4 Nc6 5.Bb5 Bc5 6.d3 Bg4 7.h3 Bh5 8.g4 Bg6
9.Qe2 Ne7 10.Nxe5 O-O 11.Bxc6 Nxc6 12.Nxc6 Qh4+ 13.Kd1 bxc6 14.Be3 Bxe3 15.Qxe3 Rab8
16.Kc1 h5 17.Rg1 hxg4 18.hxg4 Rb5 19.Nc3 Rg5 20.b3 Rxg4 21.Rxg4 Qxg4 22.Kb2 Ra8
23.Rg1 Qe6 24.Rg5 Qd6 25.Ne2 Bh7 26.Qg1 Qh6 27.Kb1 Kh8 28.Nf4 g6 29.e5 Re8
30.Qg3 Rg8 31.Nh3 Re8 32.Nf2 Re6 33.Ne4 Kg7 34.Kb2 Bg8 35.Nf6 Qh1 36.Rh5 Qf1
37.Qg5 Rxe5 38.Qh6+ Kxf6 39.Qh8+ Ke7 40.Rxe5+ Kf8 41.Qh6+  1-0

[Event "XXXV Open"]
[Site "La Roda ESP"]
[Date "2008.03.21"]
[Round "4"]
[White "Larino Nieto,D"]
[Black "Granda Zuniga,J"]
[Result "1/2-1/2"]
[WhiteElo "2439"]
[BlackElo "2588"]

1.e4 c6 2.d4 d5 3.Nd2 dxe4 4.Nxe4 Bf5 5.Ng3 Bg6 6.Bc4 e6 7.N1e2 Bd6 8.O-O Nd7
9.Bf4 Qc7 10.Qd2 Ne7 11.a3 Rd8 12.Bd3 Nf6 13.Bxd6 Rxd6 14.Rfd1 O-O 15.Bxg6 hxg6
16.Qf4 Rfd8 17.Rd3 R6d7 18.Qxc7 Rxc7 19.Rad1  1/2-1/2

[Event "XXXV Open"]
[Site "La Roda ESP"]
[Date "2008.03.21"]
[Round "5"]
[White "Granda Zuniga,J"]
[Black "Perez Rodriguez,L"]
[Result "0-1"]
[WhiteElo "2588"]
[BlackElo "2432"]

1.d4 d5 2.c4 c6 3.e3 Nf6 4.Nf3 e6 5.Nbd2 Nbd7 6.b3 Bb4 7.Bb2 O-O 8.Bd3 dxc4
9.bxc4 e5 10.O-O exd4 11.exd4 Nc5 12.Bc2 Ne6 13.Nb3 a5 14.Nc1 b5 15.a3 Be7
16.d5 cxd5 17.cxb5 Bb7 18.Nd4 Nxd4 19.Qxd4 Rc8 20.Bd3 Bc5 21.Qh4 d4 22.Qh3 Qd5
23.Nb3 Ne4 24.Nxa5 Ba8 25.f3 Ng5 26.Qg4 g6 27.Rac1 h5 28.Qh4 Be7 29.Qf2 Ne6
30.Rxc8 Rxc8 31.Rc1 Rxc1+ 32.Bxc1 Bd6 33.a4 Nf4 34.Bxf4 Bxf4 35.Nc4 Qg5 36.b6 Bd5
37.Qxd4 Bxf3 38.Bf1 Bd5 39.a5 h4 40.a6 h3 41.b7 Bxg2 42.Be2 Bxh2+  0-1

[Event "XXXV Open"]
[Site "La Roda ESP"]
[Date "2008.03.22"]
[Round "6"]
[White "Sanchez Jimenez,JC"]
[Black "Granda Zuniga,J"]
[Result "0-1"]
[WhiteElo "2284"]
[BlackElo "2588"]

1.d4 Nf6 2.Nf3 e6 3.c4 b6 4.g3 Ba6 5.Qa4 c5 6.Bg2 Bb7 7.dxc5 bxc5 8.O-O Be7
9.Nc3 O-O 10.Rd1 Qb6 11.Bf4 d6 12.Rd2 Rd8 13.Rad1 a6 14.Qb3 Qxb3 15.axb3 Ne8
16.Na4 Nc6 17.Ng5 Rab8 18.b4 e5 19.Be3 h6 20.Nxf7 Kxf7 21.bxc5 Na5 22.b4 Nxc4
23.c6 Bc8 24.Bd5+ Be6 25.Bxc4 Bxc4 26.Nb6 Bb5 27.Rc1 Nc7 28.Nd7 Rbc8 29.Nb6 Ke6
30.Nxc8 Rxc8 31.Bb6 Nd5 32.Ba5 Rxc6 33.Rxc6 Bxc6 34.e4 Nf6 35.f3 d5 36.exd5+ Nxd5
37.Rb2 Ne3 38.Rb3 Nc4 39.Rc3 Bb5 40.Kg2 h5 41.h4 g6 42.Kh3 Nxa5 43.bxa5 Bb4
44.Re3 Bxa5 45.f4 Bf1+ 46.Kh2 Bc7 47.Re1 Bd3 48.fxe5 Bxe5  0-1